Logo BPK

Biblioteka

Politechniki Koszalińskiej

Kronika awarii i katastrof maszyn podstawowych w polskim górnictwie odkrywkowym / (Rekord nr 56373)

Szczegóły MARC
000 -ETYKIETA REKORDU
podpole kontrolne o stałej długości 01082nam a2200289 i 4500
001 - NUMER KONTROLNY REKORDU
pole kontrolne bg
015 ## - NUMER BIBLIOGRAFII NARODOWEJ
Numer bibliografii narodowej PB 4642/2008
020 ## - MIĘDZYNARODOWY ZNORMALIZOWANY NUMER KSIĄŻKI - ISBN
ISBN 9788374933209
040 ## - ŹRÓDŁO KATALOGOWANIA
Instytucja, która utworzyła rekord BPK
041 ## - KOD JĘZYKA
Kod języka tekstu pol
044 ## - KOD KRAJU WYDAWCY/PRODUCENTA
Kod kraju wydawcy/producenta POL
080 ## - UNIWERSALNA KLASYFIKACJA DZIESIĘTNA - UKD
UKD 622.271-7(438)"19/20"
920 ## - Międzynarodowy znormalizowany numer książki – ISBN
ISBN 978-83-7493-320-9
008 - POLE O STAŁEJ DŁUGOŚCI - DANE KONTROLNE
podpole kontrolne o stałej długości 090518s2007 pl a |000 0 pol
100 1# - NAZWA OSOBOWA
Nazwa osobowa Babiarz, Stanisław
Daty związane z nazwą (1931- ).
245 10 - TYTUŁ/ODPOWIEDZIALNOŚĆ
Tytuł Kronika awarii i katastrof maszyn podstawowych w polskim górnictwie odkrywkowym /
Pozostałe elementy strefy tytułu i oznaczenia odpowiedzialności Stanisław Babiarz, Dionizy Dudek.
260 ## - STREFA ADRESU WYDAWNICZEGO
Miejsce wydania Wrocław :
Nazwa wydawcy/dystrybutora Oficyna Wydawnicza Politechniki Wrocławskiej,
Data publikacji, dystrybucji/powstania dokumentu 2007.
300 ## - STREFA OPISU FIZYCZNEGO
Objętość 582 s. :
Inne cechy fizyczne il. (w tym kolor.) ;
Rozmiary 25 cm.
504 ## - UWAGA DOTYCZĄCA BIBLIOGRAFII
Informacje o bibliografii Bibliogr. s. 573-582.
650 #9 - HASŁO PRZEDMIOTOWE W FORMIE NAZWY OGÓLNEJ LUB JEDNOSTKOWEJ
Nazwa ogólna lub geograficzna Górnictwo odkrywkowe
Określnik ogólny narzędzia i maszyny
-- obsługa i eksploatacja
650 #9 - HASŁO PRZEDMIOTOWE W FORMIE NAZWY OGÓLNEJ LUB JEDNOSTKOWEJ
Nazwa ogólna lub geograficzna Górnictwo odkrywkowe
Określnik geograficzny Polska
Określnik chronologiczny 20-21 w.
650 #9 - HASŁO PRZEDMIOTOWE W FORMIE NAZWY OGÓLNEJ LUB JEDNOSTKOWEJ
Nazwa ogólna lub geograficzna Niezawodność urządzeń
Określnik ogólny górnictwo
650 #9 - HASŁO PRZEDMIOTOWE W FORMIE NAZWY OGÓLNEJ LUB JEDNOSTKOWEJ
Nazwa ogólna lub geograficzna Węgiel brunatny
Określnik ogólny górnictwo
-- narzędzia i maszyny
-- obsługa i eksploatacja
650 #9 - HASŁO PRZEDMIOTOWE W FORMIE NAZWY OGÓLNEJ LUB JEDNOSTKOWEJ
Nazwa ogólna lub geograficzna Węgiel brunatny
Określnik ogólny górnictwo
Określnik geograficzny Polska
Określnik chronologiczny 20-21 w.
700 1# - HASŁO DODATKOWE - NAZWA OSOBOWA
Nazwa osobowa Dudek, Dionizy
Daty związane z nazwą (1943- ).
856 ## - LOKALIZACJA I DOSTĘP DO ELEKTRONICZNYCH DOKUMENTÓW ZDALNYCH
Link (URL) http://koha.tu.koszalin.pl/cgi-bin/koha/opac-detail.pl?biblionumber=56373
Tekst linku Katalog online BPK
942 ## - DODATKOWE ELEMENTY (KOHA)
Typ dokumentu Książka
Egzemplarze
Wycofany Status egzemplarza Uszkodzony Dostępność Lokalizacja stała Lokalizacja bieżąca Miejsce przechowywania Sygnatura Kod kreskowy Typ dokumentu
      Dostępny Biblioteka Politechniki Koszalińskiej Biblioteka Politechniki Koszalińskiej Wypożyczalnia BG 91083 02471587 Książka
© 2023 Biblioteka Politechniki Koszalińskiej :: KOHA